Footballeurs par lettre Q - Statistiques

Statistiques générales
  • Ce quiz a été pris 93 fois
  • Le résultat moyen est 3 sur 7
Statistiques - réponses
Par images Réponse % Correct
Quaresma
99%
Quagliarella
68%
Quansah
60%
Quintero
29%
Quinones
15%
Quaison
12%
Quini
0%
Aucun quiz correspondant
Distribution des résultats
% des personnes avec chaque résultat
Percentile par nombre de réponses
Votre historique - résultats
Vous n’avez pas pris ce quiz